000 00537nam a22001817a 4500
005 20260115144627.0
010 _aENG-147440
020 _a9789355462572
_c175.00
035 _aEN-130972
037 _bDBAD
082 _a940.5423
100 _aHemingway, Ernest
_986424
245 _aGreen Hills of Africa/
_cErnest Hemingway
260 _aDelhi
_bPharos Books
_c2022
270 _aPlot No.-55, Main Mother Dairy Road, Pandav Nagar,
_bDelhi
_e110092
300 _a210p.
_c21cm(pb)
942 _2ddc
_cEN
_h940.5423
_mHEM
999 _c214163
_d214163